[Event "AUTO-INT-1219"]
[Site "http://www.queenalice.com/game.php?id=688602"]
[Date "2009.11.25"]
[Round "2"]
[White "diosab"]
[Black "jmsteinfeld"]
[Result "1-0"]
[WhiteElo "1780"]
[BlackElo "1697"]

1. e4 e5 2. Nf3 d6 3. d4 exd4 4. Nxd4 g6 5. Nc3 Bg7 6. Bc4 Ne7 7. O-O O-O 8. f4
Bxd4+ 9. Qxd4 c5 10. Qf2 Be6 11. Bxe6 fxe6 12. Be3 Nbc6 13. Rad1 a6 14. Bxc5 d5
15. exd5 exd5 16. Qe3 Re8 17. Qe6+ Kg7 18. Nxd5 Nxd5 19. Qxd5 Qxd5 20. Rxd5 Rad8
21. Rfd1 Rxd5 22. Rxd5 Rd8 23. Bd4+ Kf7 24. Rxd8 Nxd8 25. Kf2 Nc6 26. Bc3 b5 27.
g3 Ke6 28. a3 a5 29. Ke3 b4 30. axb4 axb4 31. Bd2 Kd5 32. c3 bxc3 33. Bxc3 Ne7
34. g4 h5 35. h3 hxg4 36. hxg4 Ke6 37. Ke4 Nd5 38. f5+ gxf5+ 39. gxf5+ Kd6 40.
f6 Ke6 41. f7 Nxc3+ 42. bxc3 Kxf7 43. Kd5 Ke7 44. Kc6 Kd8 45. Kb7 Kd7 46. c4 Kd6
47. Kb6 Kd7 48. c5 Kc8 49. Kc6 1-0

[Event "AUTO-INT-1219"]
[Site "http://www.queenalice.com/game.php?id=688603"]
[Date "2009.11.25"]
[Round "2"]
[White "jmsteinfeld"]
[Black "diosab"]
[Result "0-1"]
[WhiteElo "1731"]
[BlackElo "1765"]

1. e4 c5 2. Bc4 d6 3. d3 Nc6 4. Be3 Nf6 5. a3 g6 6. h3 Bg7 7. Nf3 O-O 8. O-O a6
9. Bd5 Nxd5 10. exd5 Bxb2 11. Ra2 Bg7 12. dxc6 bxc6 13. d4 cxd4 14. Bxd4 e5 15.
Be3 Be6 16. Ra1 e4 17. Nd4 Bc4 18. Re1 c5 19. Nc6 Qc7 20. Nd4 cxd4 21. Bxd4 d5
22. Bxg7 Kxg7 23. Qd4+ f6 24. Nc3 Qe5 25. Qxe5 fxe5 26. Rad1 Rad8 27. Rd2 Rf4
28. g3 Rf3 29. Na4 Rxa3 30. Nc5 Rb8 31. Nd7 Rb2 32. Nxe5 Rc3 33. Nxc4 Rxc4 34.
Rxd5 Rcxc2 35. Rf1 e3 36. Rd7+ Kh6 37. Rf7 exf2+ 38. R7xf2 Rxf2 39. Rxf2 Rxf2
40. Kxf2 Kg5 0-1

[Event "Challenge"]
[Site "http://www.queenalice.com/game.php?id=703665"]
[Date "2009.12.26"]
[Round "-"]
[White "diosab"]
[Black "thedead"]
[Result "1-0"]
[WhiteElo "1736"]
[BlackElo "1457"]

1. d4 d5 2. c4 e6 3. Nc3 h6 4. e3 Nf6 5. Nf3 c5 6. b3 Nc6 7. Bd2 Be7 8. Bd3 O-O
9. O-O a6 10. Qc2 Re8 11. Ne5 Qc7 12. Nxf7 Kxf7 13. Bg6+ Kg8 14. Bxe8 Nxe8 15.
cxd5 1-0

[Event "AUTO-ADV-1704"]
[Site "http://www.queenalice.com/game.php?id=751938"]
[Date "2010.3.26"]
[Round "1"]
[White "glasiq"]
[Black "diosab"]
[Result "1-0"]
[WhiteElo "1882"]
[BlackElo "1849"]

1. e4 e5 2. f4 exf4 3. Nf3 d6 4. d4 Bg4 5. Bxf4 Nc6 6. Bb5 Ne7 7. d5 a6 8. Ba4
b5 9. Bb3 Na5 10. Nbd2 Nxb3 11. Nxb3 Ng6 12. Bg3 Be7 13. Qd4 Bxf3 14. gxf3 Bf6
15. Qb4 Bxb2 16. Rd1 Qf6 17. O-O O-O 18. Nd4 Bxd4+ 19. Rxd4 a5 20. Qd2 h5 21. a3
h4 22. Bf2 Nf4 23. Be3 Qg6+ 24. Kf2 b4 25. axb4 axb4 26. Bxf4 h3 27. Rg1 Qf6 28.
Bh6 Ra3 29. Rxg7+ 1-0

[Event "AUTO-ADV-1704"]
[Site "http://www.queenalice.com/game.php?id=751939"]
[Date "2010.3.26"]
[Round "1"]
[White "diosab"]
[Black "glasiq"]
[Result "0-1"]
[WhiteElo "1865"]
[BlackElo "1866"]

1. d4 Nf6 2. c4 e6 3. Nc3 Bb4 4. Nf3 c5 5. a3 Bxc3+ 6. bxc3 Qa5 7. Bd2 Ne4 8.
Qc2 Nxd2 9. Nxd2 Nc6 10. d5 Ne5 11. e4 O-O 12. f4 Ng6 13. f5 exf5 14. exf5 Re8+
15. Kf2 Ne5 16. Re1 Ng4+ 17. Kg3 Rxe1 18. Kxg4 Qxa3 19. Ne4 a5 20. f6 Ra6 21.
Ng5 g6 22. Qf2 Qxc3 23. Nf3 Re4+ 24. Kg3 Rxf6 25. h4 d6 26. h5 Rg4+ 0-1

[Event "AUTO-ADV-1704"]
[Site "http://www.queenalice.com/game.php?id=751954"]
[Date "2010.3.26"]
[Round "1"]
[White "BeHappy"]
[Black "diosab"]
[Result "0-1"]
[WhiteElo "2046"]
[BlackElo "1841"]

1. e4 c5 2. Nf3 d6 3. Be2 Nf6 4. d3 Nc6 5. O-O g6 6. Bf4 Bg7 7. Nc3 O-O 8. Qd2
a6 9. a3 Ng4 10. h3 Nge5 11. Bh6 Nxf3+ 12. Bxf3 Nd4 13. Bd1 b5 14. Bxg7 Kxg7 15.
f4 Qb6 16. f5 Bb7 17. Qf2 Qd8 18. b4 Qc8 19. Bg4 Qe8 20. h4 e5 21. f6+ Kh8 22.
Qd2 Rg8 23. Rf2 Bc8 24. Bxc8 Qxc8 25. Nd5 Ra7 26. Qh6 Qf8 27. Qe3 c4 28. dxc4
bxc4 29. c3 Nc6 0-1

[Event "AUTO-ADV-1704"]
[Site "http://www.queenalice.com/game.php?id=751955"]
[Date "2010.3.26"]
[Round "1"]
[White "diosab"]
[Black "BeHappy"]
[Result "1-0"]
[WhiteElo "1815"]
[BlackElo "2072"]

1. Nf3 Nf6 2. c4 c5 3. Nc3 e6 4. g3 d5 5. Bg2 d4 6. Nb5 Nc6 7. d3 a6 8. Na3 h6
9. O-O Be7 10. Nc2 O-O 11. Bf4 Nd7 12. a3 f5 13. Rb1 e5 14. Bd2 e4 15. Nfe1 Nf6
16. b4 b6 17. h3 cxb4 18. axb4 a5 19. b5 Ne5 20. Qc1 Kh7 21. Bf4 Nf7 22. Qb2 Bc5
23. Na1 Re8 24. Nb3 g5 25. Bd2 Bb7 26. Nxc5 bxc5 27. b6 Qd7 28. Qb5 Qd6 29. Bxa5
Bc6 30. b7 1-0

[Event "AUTO-ADV-1704"]
[Site "http://www.queenalice.com/game.php?id=751966"]
[Date "2010.3.26"]
[Round "1"]
[White "diosab"]
[Black "Tchecmaurice"]
[Result "1-0"]
[WhiteElo "1793"]
[BlackElo "1953"]

1. e4 e5 2. Nf3 Nf6 3. Nxe5 d6 4. Nf3 Nxe4 5. d4 d5 6. Bd3 Nc6 7. O-O Be7 8. Nc3
f5 9. a3 Be6 10. Bb5 Bd6 11. Re1 Qd7 12. Nxe4 fxe4 13. Ne5 Bxe5 14. dxe5 O-O 15.
Bg5 Rf5 16. Bh4 Raf8 17. Bg3 Qf7 18. Bxc6 bxc6 19. c4 Qg6 20. b4 dxc4 21. Re3
Qg5 22. Rxe4 h5 23. Bh4 Qg6 24. Re3 Bd5 25. Rg3 Qe6 26. Bf6 R5xf6 27. exf6 Qxf6
28. Ra2 h4 29. Rg4 c3 30. Rc2 Bb3 31. f3 Qf5 32. Qd4 Qxg4 33. fxg4 Bxc2 34. Qxc3
Be4 35. Qe5 Bd5 36. g5 Kh7 37. Qxc7 a6 38. Qd6 Rf4 39. g6+ Kh8 40. Qxf4 1-0

[Event "AUTO-ADV-1704"]
[Site "http://www.queenalice.com/game.php?id=751967"]
[Date "2010.3.26"]
[Round "1"]
[White "Tchecmaurice"]
[Black "diosab"]
[Result "0-1"]
[WhiteElo "1876"]
[BlackElo "1834"]

1. e4 c6 2. d4 d5 3. e5 Bf5 4. Nf3 h6 5. Be2 e6 6. Be3 Ne7 7. O-O Nd7 8. Nbd2 c5
9. c3 cxd4 10. cxd4 Nc6 11. Nh4 Qxh4 12. Bb5 Bb4 13. Nf3 Qd8 14. Qa4 Qa5 15.
Bxc6 bxc6 16. Qxc6 O-O 17. Qxd7 Rfd8 18. Qc6 Rac8 19. Qb7 Rc7 20. Qxc7 Qxc7 21.
Rfc1 Qd7 22. a3 Ba5 23. b4 Bb6 24. a4 Be4 25. Nd2 Bg6 26. a5 Bc7 27. Nb3 Rc8 28.
Nc5 Qb5 29. Bd2 Bd3 30. Nxd3 Qxd3 31. Be3 Qb5 32. Bd2 Kf8 33. Rc5 Qb7 34. b5 Bd8
35. b6 axb6 36. a6 Qa8 37. Rxc8 Qxc8 38. Bb4+ Be7 39. a7 Qa8 40. Bd2 Bd8 41. f4
b5 42. Bb4+ Ke8 43. Bc5 g6 44. Ra6 Kd7 45. Rd6+ Ke8 46. Ra6 Kd7 47. Rd6+ Ke8 48.
Ra6 Be7 49. Bb6 b4 50. Bc7 b3 51. Bb8 Bd8 52. Ra3 Bb6 53. Ra6 Bxd4+ 54. Kh1 b2
0-1

[Event "AUTO-OPEN-2035"]
[Site "http://www.queenalice.com/game.php?id=801624"]
[Date "2010.7.10"]
[Round "1"]
[White "Don_Vito"]
[Black "diosab"]
[Result "0-1"]
[WhiteElo "1956"]
[BlackElo "1876"]

1. e4 e5 2. Nf3 Nc6 3. Bb5 a6 4. Ba4 Nf6 5. Nc3 d6 6. d4 b5 7. Bb3 Na5 8. O-O
Nxb3 9. cxb3 exd4 10. Nxd4 Bb7 11. Re1 Be7 12. Bg5 O-O 13. e5 dxe5 14. Rxe5 Bd6
15. Bxf6 Qxf6 16. Re1 Rad8 17. Qh5 Qxd4 18. Rad1 Qf4 19. Nd5 Bxd5 20. Rxd5 Qxh2+
21. Qxh2 Bxh2+ 0-1

[Event "AUTO-OPEN-2035"]
[Site "http://www.queenalice.com/game.php?id=801625"]
[Date "2010.7.10"]
[Round "1"]
[White "diosab"]
[Black "Don_Vito"]
[Result "1-0"]
[WhiteElo "1949"]
[BlackElo "1887"]

1. e4 e5 2. Nf3 Nc6 3. Bb5 a6 4. Ba4 Nf6 5. O-O Be7 6. Re1 O-O 7. c3 b5 8. Bc2
d5 9. d4 Bg4 10. exd5 Qxd5 11. dxe5 Qxd1 12. Bxd1 Nd7 13. Bf4 b4 14. Nd4 Nxd4
15. cxd4 Bxd1 16. Rxd1 c5 17. d5 f6 18. d6 Bd8 19. e6 Ne5 20. e7 Bxe7 21. dxe7
Rfe8 22. Bxe5 fxe5 23. Rd7 Kf7 24. Nd2 Rxe7 25. Rxe7+ Kxe7 26. Ne4 Rc8 27. Rc1
c4 28. f3 h6 29. Kf2 a5 30. Ke3 a4 31. a3 bxa3 32. bxa3 g5 33. Rc3 Rb8 34. Rxc4
Rb3+ 35. Rc3 Ke6 36. Rxb3 1-0

[Event "AUTO-OPEN-2035"]
[Site "http://www.queenalice.com/game.php?id=801644"]
[Date "2010.7.10"]
[Round "1"]
[White "Liesel"]
[Black "diosab"]
[Result "0-1"]
[WhiteElo "1807"]
[BlackElo "1963"]

1. e4 e5 2. Nf3 Nc6 3. Bb5 a6 4. Ba4 Nf6 5. Nc3 b5 6. Bb3 Na5 7. Nxe5 Nxb3 8.
axb3 Bb7 9. d3 Be7 10. Bg5 O-O 11. O-O d6 12. Nf3 Nd7 13. Bxe7 Qxe7 14. Re1 Ne5
15. Nxe5 dxe5 16. Ne2 Qg5 17. Ng3 Rad8 18. c4 Rd7 19. h3 Rfd8 20. Qc2 Rxd3 21.
Rad1 Rxd1 22. Rxd1 Rxd1+ 23. Qxd1 h5 24. Qxh5 Qxh5 25. Nxh5 Bxe4 26. cxb5 axb5
27. Ng3 Bg6 28. b4 f6 29. Ne2 Kf7 30. Nc3 Bd3 31. Nd5 c6 32. Nb6 Ke7 33. Nc8+
Kd7 34. g4 Kxc8 35. Kg2 Kd7 36. Kg3 Kd6 0-1

[Event "AUTO-OPEN-2035"]
[Site "http://www.queenalice.com/game.php?id=801645"]
[Date "2010.7.10"]
[Round "1"]
[White "diosab"]
[Black "Liesel"]
[Result "1-0"]
[WhiteElo "1911"]
[BlackElo "1785"]

1. e4 e5 2. Nf3 Nc6 3. Bb5 a6 4. Ba4 Nf6 5. O-O Be7 6. Re1 O-O 7. c3 d5 8. exd5
Nxd5 9. Bxc6 bxc6 10. Nxe5 Bb7 11. d4 Re8 12. Qf3 Bf6 13. Nd2 Rb8 14. Nb3 Qd6
15. Nd3 h6 16. Bd2 c5 17. dxc5 Qd7 18. Nd4 Nxc3 19. Rxe8+ Qxe8 20. c6 Bxd4 21.
cxb7 Ne4 22. Re1 f5 23. Qxf5 Bxf2+ 24. Nxf2 Rxb7 25. Bc3 Qf8 26. Qxf8+ 1-0

[Event "AUTO-OPEN-2035"]
[Site "http://www.queenalice.com/game.php?id=801656"]
[Date "2010.7.10"]
[Round "1"]
[White "diosab"]
[Black "minusel"]
[Result "1-0"]
[WhiteElo "1852"]
[BlackElo "2050"]

1. e4 c6 2. d4 d5 3. e5 Bf5 4. Nf3 e6 5. Be2 Nd7 6. O-O Qb6 7. Nc3 h6 8. a3 c5
9. Be3 c4 10. Rb1 a6 11. b3 cxb3 12. Rxb3 Qc7 13. Nh4 Bh7 14. Bd3 Bxd3 15. Qxd3
b5 16. f4 g5 17. fxg5 hxg5 18. Bxg5 Be7 19. Ng6 fxg6 20. Qxg6+ Kd8 21. Qg7 Bxg5
22. Qxh8 Be3+ 23. Kh1 Kc8 24. Qxg8+ Kb7 25. Qxe6 Bxd4 26. Qxd5+ Qc6 27. Qxd4 Rg8
28. Qd5 Nxe5 29. Qxg8 1-0

[Event "AUTO-OPEN-2035"]
[Site "http://www.queenalice.com/game.php?id=801657"]
[Date "2010.7.10"]
[Round "1"]
[White "minusel"]
[Black "diosab"]
[Result "1-0"]
[WhiteElo "1988"]
[BlackElo "1924"]

1. e4 c5 2. b3 Nc6 3. Bb2 d6 4. Nc3 Nf6 5. Bc4 e5 6. Nge2 Be7 7. Ng3 O-O 8. Nf5
Bxf5 9. exf5 a6 10. a4 Nd4 11. Nd5 Nxf5 12. Nxf6+ Bxf6 13. O-O e4 14. Bxf6 Qxf6
15. Qg4 Rad8 16. Qxe4 Rb8 17. Bd3 g6 18. Qf4 Qe5 19. Qxe5 dxe5 20. f4 Nd4 21.
fxe5 Rbe8 22. Rae1 Nc6 23. e6 Rxe6 24. Rxe6 fxe6 25. Be4 Rxf1+ 26. Kxf1 Nd8 27.
Kf2 Kf7 28. Ke3 Kf6 29. d4 cxd4+ 30. Kxd4 b6 31. c4 Nf7 32. c5 bxc5+ 33. Kxc5
Ke5 34. Bd3 a5 35. g3 1-0

[Event "AUTO-ADV-1704"]
[Site "http://www.queenalice.com/game.php?id=823495"]
[Date "2010.8.26"]
[Round "2"]
[White "diosab"]
[Black "mizu"]
[Result "1-0"]
[WhiteElo "1936"]
[BlackElo "1867"]

1. d4 d5 2. c4 e6 3. Nc3 Nf6 4. Nf3 Be7 5. e3 O-O 6. Bd3 a6 7. O-O b6 8. Ne5
dxc4 9. Bxc4 b5 10. Qf3 c6 11. Bd3 Bb7 12. Rd1 Qd6 13. Bd2 Nbd7 14. Nxd7 Qxd7
15. Rac1 c5 16. Qh3 cxd4 17. Ne2 dxe3 18. Bxe3 Nd5 19. Qxh7# 1-0

[Event "AUTO-ADV-1704"]
[Site "http://www.queenalice.com/game.php?id=823496"]
[Date "2010.8.26"]
[Round "2"]
[White "mizu"]
[Black "diosab"]
[Result "0-1"]
[WhiteElo "1881"]
[BlackElo "1922"]

1. e4 c5 2. Nc3 d6 3. Nf3 Nf6 4. d4 cxd4 5. Nxd4 a6 6. Bd3 Qc7 7. Bg5 Nbd7 8.
O-O e6 9. Qe2 Be7 10. a3 Ne5 11. b4 Qxc3 12. Nf3 Nxf3+ 13. Qxf3 Nd7 14. Bxe7
Kxe7 15. Qg3 Ne5 16. Qxg7 Nf3+ 0-1

[Event "AUTO-ADV-1704"]
[Site "http://www.queenalice.com/game.php?id=823498"]
[Date "2010.8.26"]
[Round "2"]
[White "myCARtoM"]
[Black "diosab"]
[Result "1-0"]
[WhiteElo "2229"]
[BlackElo "1973"]

1. d4 Nf6 2. c4 e6 3. a3 d5 4. e3 c6 5. Qc2 g6 6. Nf3 Bg7 7. Nc3 O-O 8. Bd3 Nbd7
9. O-O Re8 10. b4 a5 11. Bb2 dxc4 12. Bxc4 Nb6 13. Be2 Nbd5 14. b5 1-0